000 01009nam a22003017a 4500
003 CHAP
005 20220329140225.0
008 971013s1979 r 00010 d
010 _a48806
011 _a49778
035 _a53928
040 _cCHAP
082 _a621.312134
_bR5
100 0 0 _aRivapalacios, Ricardo.
_997549
245 _aGeología y geotécnia de proyecto hidroeléctrico de Chicoasen, Chiapas
260 _aMéxico, D. F. :
_bComisión Federal de Electricidad,
_c1979
300 _a97 p.
_b: ilus. ; gráfs.
590 _aBATCH-UPD
_b10
_c20130110
_lUCH01
_h0337
590 _aBATCH-UPD
_b10
_c20130110
_lUCH01
_h2257
590 _aBATCH-UPD
_b10
_c20130410
_lUCH01
_h1550
590 _aBATCH-UPD
_b10
_c20130914
_lUCH01
_h1920
590 _aCONVERSION
_b10
_c20130109
_lUCH01
_h1327
650 1 4 _aPlantas hidroeléctricas.
_988999
650 1 4 _aPresa de Chicoasen, Chis.
_991423
901 _aBK
942 _cLIBRO
949 _a621.312134 R5
_bBC
_cLIBRO
_d33724000015806
_eLIBRO
_h58300
_i53928
_si
999 _c48806
_d48806